|
|
|
|
| LEADER |
00000nas a2200000 a 4500 |
| 001 |
ssj0000825954 |
| 003 |
WaSeSS |
| 005 |
20200512172242.0 |
| 006 |
m d |
| 007 |
cr n |
| 008 |
120327c20139999paufr p s 0 a0eng |
| 010 |
|
|
|a 2012201365
|
| 022 |
|
|
|a 2166-7438
|y 2166-742X
|
| 035 |
|
|
|a (WaSeSS)ssj0000825954
|
| 037 |
|
|
|b University of Pennsylvania Press, 3905 Spruce St. Philadelphia, PA 19104
|c $20.00 (single issue)
|c $45.00 (individuals, per yr.)
|c $90.00 (institutions, per yr.)
|
| 040 |
|
|
|a DLC
|b eng
|c DLC
|d DLC
|d OCLCQ
|d CLU
|d OCLCO
|d TXA
|d OCLCQ
|d DLC
|d OCLCF
|d OCLCO
|d OCL
|d OCLCQ
|d AU@
|d VT2
|d WaSeSS
|
| 042 |
|
|
|a pcc
|a nsdp
|
| 043 |
|
|
|a n-us---
|
| 050 |
1 |
4 |
|a PS201
|b .J16
|
| 082 |
0 |
0 |
|a 810
|2 23
|
| 222 |
|
0 |
|a J19
|b (Online)
|
| 245 |
0 |
0 |
|a J19
|h [electronic resource].
|
| 246 |
1 |
|
|a J nineteen
|
| 260 |
|
|
|a [Philadelphia, PA] :
|b University of Pennsylvania Press,
|c [2013]-
|
| 310 |
|
|
|a Twice a year
|
| 362 |
1 |
|
|a Began with: Vol. 1, no. 1 (spring 2013).
|
| 500 |
|
|
|a The journal of nineteenth century American literature.
|
| 506 |
|
|
|a License restrictions may limit access.
|
| 550 |
|
|
|a Official publication of C19: The Society of Nineteenth-Century Americanists.
|
| 588 |
|
|
|a Description based on: Vol. 1, no. 1 (spring 2013); title from cover image (Project MUSE, viewed June 10, 2013).
|
| 588 |
|
|
|a Latest issue consulted: Vol. 1, no. 1 (spring 2013) (Project MUSE, viewed Sept. 5, 2013).
|
| 648 |
|
7 |
|a 1783-1918
|2 fast
|
| 650 |
|
0 |
|a American literature
|y 19th century
|x History and criticism
|v Periodicals.
|
| 650 |
|
7 |
|a American literature.
|2 fast
|0 (OCoLC)fst00807113
|
| 650 |
|
7 |
|a Civilization.
|2 fast
|0 (OCoLC)fst00862898
|
| 651 |
|
0 |
|a United States
|x Civilization
|y 1783-1865
|v Periodicals.
|
| 651 |
|
0 |
|a United States
|x Civilization
|y 1865-1918
|v Periodicals.
|
| 651 |
|
7 |
|a United States.
|2 fast
|0 (OCoLC)fst01204155
|
| 655 |
|
0 |
|a Electronic journals.
|
| 710 |
2 |
|
|a University of Pennsylvania.
|b Press.
|
| 710 |
2 |
|
|a C19: The Society of Nineteenth-Century Americanists.
|
| 776 |
0 |
8 |
|i Print version:
|t J19
|x 2166-742X
|w (DLC) 2012201364
|w (OCoLC)781714626
|
| 856 |
4 |
0 |
|z Full text available from Research Library: 04/01/2013 to 10/31/2015
|u https://search.proquest.com/publication/2031843
|